| 000 | 00373nam a2200157Ia 4500 | ||
|---|---|---|---|
| 008 | 230312s9999||||xx |||||||||||||| ||und|| | ||
| 020 | _a0-07-113402-6 | ||
| 082 |
_a658.81 _bJOH |
||
| 100 | _aJohnson, Eugene M | ||
| 245 | 0 | _aSales Management | |
| 260 |
_bMcGraw Hill _aLondon _c1994 |
||
| 300 | _a564 | ||
| 546 | _aEng. | ||
| 650 |
_aManagement _vLearning Goal |
||
| 942 | _cBK | ||
| 999 |
_c122 _d122 |
||